[Event "FRM-chT 29th"]
[Site "Struga"]
[Date "2021.08.15"]
[Round "1"]
[White "Petrov, Saravco"]
[Black "Zlatanovic, Boroljub"]
[Result "0-1"]
[WhiteElo "2138"]
[BlackElo "2332"]
[PlyCount "78"]
[EventDate "2021.08.15"]
[EventType "team-tourn"]
[EventRounds "7"]
[EventCountry "MKD"]
[SourceTitle "CBM 203 Extra"]
[Source "ChessBase"]
[SourceDate "2021.09.30"]
[SourceVersion "1"]
[SourceVersionDate "2021.09.30"]
[SourceQuality "1"]
[WhiteTeam "Skopje Karposh"]
[BlackTeam "Prilep"]
[WhiteTeamCountry "MKD"]
[BlackTeamCountry "MKD"]

1. e4 e6 2. c4 d5 3. cxd5 exd5 4. exd5 Nf6 5. d4 Nxd5 6. Nc3 Nc6 7. Bb5 Bb4 8. Nge2 Bg4 9. f3 Be6 10. 0-0 0-0 11. Bxc6 bxc6 12. Qa4 Bxc3 13. bxc3 Nb6 14. Qc2 Bc4 15. Ba3 Bxe2 16. Qxe2 Re8 17. Qd3 Qd5 18. Bc5 Nc4 19. Rfe1 a5 20. Re4 f5 21. Re2 Re6 22. Rae1 Rae8 23. Rxe6 Rxe6 24. Re2 Kf7 25. Kf2 g6 26. h4 Kf6 27. Qc2 Kf7 28. Qd3 h6 29. g3 h5 30. Qc2 Ke8 31. a3 Kd7 32. Qc1 Rxe2+ 33. Kxe2 a4 34. Qg5 Qe6+ 35. Kd3 Nb2+ 36. Kd2 Qa2 37. Ke2 Nc4+ 38. Kd1 Qb1+ 39. Ke2 Qc2+ 0-1

[Event "FRM-chT qual Final"]
[Site "Ohrid"]
[Date "2020.08.24"]
[Round "1.2"]
[White "Petrov, Saravco"]
[Black "Zlatkov, Anton"]
[Result "1/2-1/2"]
[WhiteElo "2144"]
[BlackElo "2014"]
[PlyCount "80"]
[EventDate "2020.08.24"]
[EventType "team-tourn"]
[EventRounds "3"]
[EventCountry "MKD"]
[SourceTitle "EXT 2021"]
[Source "ChessBase"]
[SourceDate "2020.10.23"]
[SourceVersion "1"]
[SourceVersionDate "2020.10.23"]
[SourceQuality "1"]
[WhiteTeam "Skopje Karposh"]
[BlackTeam "Skopje MSK Centar"]
[WhiteTeamCountry "MKD"]
[BlackTeamCountry "MKD"]

1. e4 c5 2. Nf3 d6 3. c3 Nf6 4. Bd3 Bg4 5. h3 Bh5 6. 0-0 e6 7. Re1 Nc6 8. Bc2 Be7 9. d3 d5 10. e5 Nd7 11. g4 Bg6 12. d4 Rc8 13. Bxg6 hxg6 14. Kg2 cxd4 15. cxd4 Nb6 16. b3 Nb4 17. Na3 a5 18. Qe2 Qd7 19. Bg5 0-0 20. Bxe7 Qxe7 21. Rac1 Nd3 22. Qxd3 Qxa3 23. Rxc8 Rxc8 24. Qb5 Rc6 25. Qe2 Qb4 26. Rd1 a4 27. Rd3 axb3 28. axb3 Qa3 29. Ng5 Qe7 30. f4 Nc8 31. Qf2 f6 32. Nf3 Qc7 33. Rd2 Rc3 34. g5 f5 35. Rb2 Ne7 36. Qd2 Rc1 37. Kf2 Qc3 38. Ra2 Qxd2+ 39. Rxd2 Nc6 40. Ra2 Kf7 1/2-1/2

[Event "FRM-chT qual Gr-B"]
[Site "Ohrid"]
[Date "2020.08.21"]
[Round "1.3"]
[White "Petrov, Saravco"]
[Black "Ibrahimi, Suejd"]
[Result "1-0"]
[WhiteElo "2144"]
[BlackElo "1740"]
[PlyCount "115"]
[EventDate "2020.08.21"]
[EventType "team-tourn"]
[EventRounds "5"]
[EventCountry "MKD"]
[SourceTitle "CBM 198 Extra"]
[Source "ChessBase"]
[SourceDate "2020.11.30"]
[SourceVersion "1"]
[SourceVersionDate "2020.11.30"]
[SourceQuality "1"]
[WhiteTeam "Skopje Karposh"]
[BlackTeam "Matejche Teuta"]
[WhiteTeamCountry "MKD"]
[BlackTeamCountry "MKD"]

1. e4 e6 2. d4 d5 3. Nd2 c5 4. dxc5 dxe4 5. Nxe4 Qxd1+ 6. Kxd1 f5 7. Nd6+ Bxd6 8. cxd6 Nf6 9. Bf4 0-0 10. Nf3 Ne4 11. Ke1 Nc6 12. Bc4 h6 13. h4 a6 14. Rd1 Bd7 15. Ne5 Nxe5 16. Bxe5 Rac8 17. Bb3 b5 18. f3 Nc5 19. c3 Nxb3 20. axb3 Rc6 21. Rd4 Rc5 22. f4 h5 23. Rh3 Kf7 24. Rhd3 Rfc8 25. Rd1 g6 26. b4 R5c6 27. Ra1 Ra8 28. Kd2 Rac8 29. Rc1 Rc4 30. Rxc4 bxc4 31. Ra1 Bb5 32. Bd4 Rd8 33. Bc5 Ke8 34. Ke3 Kd7 35. Kd4 Ra8 36. g3 Ke8 37. Bb6 Kd7 38. Bc7 Ke8 39. Ra3 Kd7 40. Ke5 Rf8 41. b3 cxb3 42. Rxb3 Bc4 43. Ra3 Bb5 44. Ra5 Rf7 45. Ra1 Rf8 46. Re1 Bc6 47. Kd4 Be4 48. Kc5 Rc8 49. Kb6 Ra8 50. Ra1 Bd3 51. Ra5 Bb5 52. Kc5 Bd3 53. c4 Be4 54. Kb6 Bd3 55. c5 Bb5 56. Rxb5 axb5 57. c6+ Ke8 58. d7+ 1-0

[Event "FRM-chT"]
[Site "Struga"]
[Date "2018.08.11"]
[Round "1.4"]
[White "Mitkov, Marjan"]
[Black "Petrov, Saravco"]
[Result "1/2-1/2"]
[WhiteElo "2333"]
[BlackElo "2135"]
[PlyCount "89"]
[EventDate "2018.08.11"]
[EventType "team-tourn"]
[EventRounds "7"]
[EventCountry "MKD"]
[SourceTitle "CBM 186 Extra"]
[Source "ChessBase"]
[SourceDate "2018.08.24"]
[SourceVersion "1"]
[SourceVersionDate "2018.08.24"]
[SourceQuality "1"]
[WhiteTeam "Skopje Gambit Asseko"]
[BlackTeam "Skopje Karposh"]
[WhiteTeamCountry "MKD"]
[BlackTeamCountry "MKD"]

1. d4 b6 2. c4 Bb7 3. Nc3 g6 4. e4 Bg7 5. h4 h6 6. h5 g5 7. f4 gxf4 8. Bxf4 d6 9. Nf3 e6 10. Qd2 Nd7 11. 0-0-0 a6 12. d5 Qe7 13. Re1 0-0-0 14. Bg3 Re8 15. Bd3 Ne5 16. Nxe5 Bxe5 17. Bxe5 dxe5 18. Ref1 Rh7 19. Qf2 Rg7 20. Kb1 Kb8 21. Rh3 Qg5 22. Rf3 f6 23. c5 Qxg2 24. cxb6 Qxf2 25. bxc7+ Kxc7 26. R3xf2 exd5 27. exd5 Rd8 28. Rc1 Kb8 29. Be4 Rg5 30. d6 Bc8 31. Bg6 f5 32. Rcf1 f4 33. Re1 Nf6 34. Rfe2 f3 35. Rf2 Bg4 36. Ne4 Nxe4 37. Bxe4 Rxd6 38. Re3 Rxh5 39. Rb3+ Kc7 40. Bxf3 Bf5+ 41. Kc1 Rg5 42. Rc3+ Kd7 43. b4 Rg1+ 44. Kb2 Rb1+ 45. Ka3 1/2-1/2

[Event "FRM-chT 16th"]
[Site "Ohrid"]
[Date "2017.07.26"]
[Round "3.3"]
[White "Jovic, Stanoje"]
[Black "Petrov, Saravco"]
[Result "1-0"]
[WhiteElo "2294"]
[BlackElo "2123"]
[PlyCount "73"]
[EventDate "2017.07.24"]
[EventType "team-tourn"]
[EventRounds "5"]
[EventCountry "MKD"]
[SourceTitle "CBM 179 Extra"]
[Source "ChessBase"]
[SourceDate "2017.08.23"]
[SourceVersion "1"]
[SourceVersionDate "2017.08.23"]
[SourceQuality "1"]
[WhiteTeam "Gostivar"]
[BlackTeam "Skopje Karposh"]
[WhiteTeamCountry "MKD"]
[BlackTeamCountry "MKD"]

1. c4 c5 2. Nf3 Nc6 3. Nc3 g6 4. e3 d6 5. d4 Bg4 6. Be2 Bg7 7. h3 Bd7 8. 0-0 Nf6 9. d5 Ne5 10. Nxe5 dxe5 11. e4 0-0 12. f4 Ne8 13. f5 Nd6 14. g4 Qc7 15. Qe1 gxf5 16. exf5 a6 17. Qh4 f6 18. Bd3 b5 19. b3 bxc4 20. bxc4 e4 21. Be2 Qa5 22. Qe1 Rab8 23. Bf4 Rfe8 24. Qg3 Bf8 25. Rab1 Rb4 26. Rb3 Qb6 27. Rfb1 a5 28. Qe3 Rc8 29. Nxe4 Nxe4 30. Qxe4 Ba4 31. Rxb4 axb4 32. d6 Qd8 33. Bf3 Kg7 34. g5 exd6 35. Kh2 Bc6 36. Qe6 Bxf3 37. gxf6+ 1-0

[Event "FRM-chT 24th"]
[Site "Struga"]
[Date "2015.07.24"]
[Round "5"]
[White "Petrov, Saravco"]
[Black "Mitkovski, Zarko"]
[Result "1-0"]
[WhiteElo "2126"]
[BlackElo "2167"]
[PlyCount "181"]
[EventDate "2015.07.20"]
[EventType "team-tourn"]
[EventRounds "7"]
[EventCountry "MKD"]
[SourceTitle "CBM 167 Extra"]
[Source "ChessBase"]
[SourceDate "2015.09.14"]
[SourceVersion "1"]
[SourceVersionDate "2015.09.14"]
[SourceQuality "1"]
[WhiteTeam "Skopje Karposh"]
[BlackTeam "Kumanovo"]
[WhiteTeamCountry "MKD"]
[BlackTeamCountry "MKD"]

1. e4 c5 2. Nf3 g6 3. d4 cxd4 4. Nxd4 Bg7 5. Nc3 Nc6 6. Be3 Nf6 7. Be2 0-0 8. 0-0 d6 9. h3 Nxd4 10. Bxd4 Be6 11. Qd2 a6 12. a4 Rc8 13. b3 Qa5 14. Rad1 Qc7 15. Bd3 Nxe4 16. Bxe4 Bxd4 17. Qxd4 Qxc3 18. Qb6 Rc7 19. Rd3 Qc5 20. Qxc5 dxc5 21. c4 f5 22. Bf3 Kf7 23. Re1 Bc8 24. a5 e6 25. g4 Kf6 26. Kg2 Re8 27. Rd6 Ke7 28. Rb6 Kf7 29. Re5 Rd8 30. g5 Rd2 31. Re2 Rxe2 32. Bxe2 Ke7 33. Bf3 Rd7 34. Kg3 Rd6 35. Bg2 Kd7 36. Kf4 Rxb6 37. axb6 Kd6 38. Ke3 e5 39. Bd5 f4+ 40. Kd2 Bxh3 41. Bxb7 a5 42. Bd5 Bd7 43. Kc3 Bf5 44. f3 Kd7 45. Kd2 Kc8 46. Kc3 Kb8 47. b7 Bd7 48. Kd2 Kc7 49. Ke2 Bh3 50. Kd2 Kb8 51. Kd3 Bf5+ 52. Kd2 Ka7 53. Kd1 Bd7 54. Kd2 Kb8 55. Ke2 Bf5 56. Kd2 Bb1 57. Kc1 Bd3 58. Kd2 Bf5 59. Kc3 Kc7 60. Bc6 Be6 61. Be4 Bd7 62. Bd5 Bf5 63. Kd2 Kb8 64. Bc6 Bh3 65. Kd3 Bf5+ 66. Kc3 Bb1 67. Kb2 Bd3 68. Kc3 Bb1 69. Kb2 Bd3 70. Kc3 Bf5 71. Kb2 Kc7 72. Ka3 Bd3 73. Ka4 e4 74. fxe4 f3 75. e5 f2 76. Bg2 f1Q 77. Bxf1 Bxf1 78. Kxa5 Kxb7 79. Kb5 Kc7 80. Kxc5 Bg2 81. e6 Be4 82. b4 Bc6 83. b5 Bf3 84. b6+ Kb7 85. Kb5 Bc6+ 86. Ka5 Kc8 87. Ka6 Kb8 88. e7 Ka8 89. b7+ Kb8 90. Kb6 Be8 91. c5 1-0

[Event "FRM-chT 24th"]
[Site "Struga"]
[Date "2015.07.21"]
[Round "2"]
[White "Nedev, Trajce"]
[Black "Petrov, Saravco"]
[Result "1-0"]
[WhiteElo "2466"]
[BlackElo "2126"]
[PlyCount "59"]
[EventDate "2015.07.20"]
[EventType "team-tourn"]
[EventRounds "7"]
[EventCountry "MKD"]
[SourceTitle "CBM 167 Extra"]
[Source "ChessBase"]
[SourceDate "2015.09.14"]
[SourceVersion "1"]
[SourceVersionDate "2015.09.14"]
[SourceQuality "1"]
[WhiteTeam "Skopje Alkaloid"]
[BlackTeam "Skopje Karposh"]
[WhiteTeamCountry "MKD"]
[BlackTeamCountry "MKD"]

1. e4 c5 2. Nf3 d6 3. d4 cxd4 4. Nxd4 Nf6 5. Nc3 a6 6. h3 e5 7. Nb3 Be6 8. Be3 b5 9. Qf3 Be7 10. 0-0-0 Nbd7 11. g4 0-0 12. g5 Ne8 13. h4 f5 14. exf5 Bxf5 15. Bh3 g6 16. Bxf5 Rxf5 17. Qd5+ Kg7 18. f4 Nc7 19. Qe4 Ne6 20. Nd5 Rc8 21. fxe5 Rxe5 22. Qg2 Ndf8 23. Bd2 Kg8 24. Bc3 Rf5 25. Rhe1 Rf7 26. Qh3 Rf5 27. Qg2 Rf7 28. Re3 Rc4 29. Nd4 Nxd4 30. Bxd4 1-0

[Event "FRM-chT 21st"]
[Site "Struga"]
[Date "2012.07.17"]
[Round "2.4"]
[White "Jacimovic, Dragoljub"]
[Black "Petrov, Saravco"]
[Result "1-0"]
[WhiteElo "2431"]
[BlackElo "2128"]
[PlyCount "67"]
[EventDate "2012.07.16"]
[EventType "team-tourn"]
[EventRounds "7"]
[EventCountry "MKD"]
[SourceTitle "CBM 149 Extra"]
[Source "ChessBase"]
[SourceDate "2012.08.24"]
[SourceVersion "1"]
[SourceVersionDate "2012.08.24"]
[SourceQuality "1"]
[WhiteTeam "Skopje Alkaloid"]
[BlackTeam "Skopje Karposh"]
[WhiteTeamCountry "MKD"]
[BlackTeamCountry "MKD"]

1. d4 Nf6 2. c4 g6 3. Nc3 Bg7 4. e4 d6 5. Nf3 0-0 6. Be2 e5 7. d5 a5 8. h3 Na6 9. Bg5 h6 10. Be3 Nc5 11. Nd2 Kh7 12. g4 Ng8 13. h4 Ne7 14. h5 g5 15. a3 Bd7 16. b4 axb4 17. axb4 Na6 18. Qb1 Rc8 19. c5 Nb8 20. Ra7 b6 21. Nc4 bxc5 22. bxc5 dxc5 23. Bxc5 Rh8 24. 0-0 Re8 25. Rd1 Ng8 26. Rd3 f6 27. Na5 Bf8 28. Nb7 Bxc5 29. Nxd8 Bxa7 30. Nb7 Bd4 31. Nb5 Bb6 32. N5d6 Bxf2+ 33. Kxf2 cxd6 34. Nxd6 1-0

[Event "FRM-chT 20th"]
[Site "Struga"]
[Date "2011.08.09"]
[Round "2"]
[White "Micov, Vladimir"]
[Black "Petrov, Saravco"]
[Result "1/2-1/2"]
[WhiteElo "2251"]
[BlackElo "2111"]
[PlyCount "50"]
[EventDate "2011.08.08"]
[EventType "team-tourn"]
[EventRounds "7"]
[EventCountry "MKD"]
[SourceTitle "CBM 143 Extra"]
[Source "ChessBase"]
[SourceDate "2011.08.29"]
[SourceVersion "1"]
[SourceVersionDate "2011.08.29"]
[SourceQuality "1"]
[WhiteTeam "Kochani"]
[BlackTeam "Skopje Karposh"]
[WhiteTeamCountry "MKD"]
[BlackTeamCountry "MKD"]

1. d4 Nf6 2. c4 g6 3. Nc3 d5 4. cxd5 Nxd5 5. e4 Nxc3 6. bxc3 c5 7. Be3 Bg7 8. Qd2 cxd4 9. cxd4 0-0 10. Bc4 Nc6 11. Ne2 Qa5 12. Rd1 Qxd2+ 13. Rxd2 Na5 14. Bd3 Bd7 15. 0-0 Rac8 16. Rb1 b6 17. Rb4 Bc6 18. f3 Rfd8 19. Rc2 Bb7 20. Rxc8 Rxc8 21. Kf2 e6 22. Rb1 Nc4 23. Rc1 Nxe3 24. Rxc8+ Bxc8 25. Kxe3 Kf8 1/2-1/2

[Event "FRM-chT 18th"]
[Site "Struga"]
[Date "2009.08.14"]
[Round "5"]
[White "Filev, Georgi"]
[Black "Petrov, Saravco"]
[Result "1-0"]
[WhiteElo "2393"]
[BlackElo "2125"]
[PlyCount "63"]
[EventDate "2009.08.10"]
[EventType "team-tourn"]
[EventRounds "7"]
[EventCountry "MKD"]
[SourceTitle "CBM 131 Extra"]
[Source "ChessBase"]
[SourceDate "2009.09.03"]
[SourceVersion "2"]
[SourceVersionDate "2009.09.16"]
[SourceQuality "1"]

1. e4 c5 2. Nf3 a6 3. Nc3 g6 4. d4 cxd4 5. Nxd4 Bg7 6. Be3 d6 7. Qd2 Nf6 8. f3 0-0 9. 0-0-0 Qa5 10. Kb1 Rd8 11. Nb3 Qh5 12. h4 Nc6 13. Bg5 h6 14. Be2 hxg5 15. hxg5 Qxh1 16. Rxh1 Ne8 17. Nd5 b5 18. Na5 Nxa5 19. Qxa5 Be6 20. Nxe7+ Kf8 21. Nd5 Bxd5 22. exd5 Rdc8 23. f4 Rc5 24. Qd2 Nc7 25. Bf3 Re8 26. g4 Rc4 27. f5 Rd4 28. Qa5 Nxd5 29. Bxd5 Rxd5 30. f6 Bh8 31. Qd2 Rxd2 32. Rxh8# 1-0

[Event "FRM-chT 18th"]
[Site "Struga"]
[Date "2009.08.10"]
[Round "1"]
[White "Colovic, Aleksandar"]
[Black "Petrov, Saravco"]
[Result "1-0"]
[WhiteElo "2441"]
[BlackElo "2125"]
[PlyCount "81"]
[EventDate "2009.08.10"]
[EventType "team-tourn"]
[EventRounds "7"]
[EventCountry "MKD"]
[SourceTitle "CBM 131 Extra"]
[Source "ChessBase"]
[SourceDate "2009.09.03"]
[SourceVersion "2"]
[SourceVersionDate "2009.09.16"]
[SourceQuality "1"]

1. e4 e6 2. Nc3 d5 3. d4 Bb4 4. e5 c5 5. a3 Bxc3+ 6. bxc3 Ne7 7. Qg4 Kf8 8. a4 Qc7 9. Bd2 Nbc6 10. Nf3 Bd7 11. Bd3 c4 12. Be2 h6 13. 0-0 Kg8 14. h4 Rf8 15. h5 Kh7 16. Nh4 Nf5 17. Bc1 Qa5 18. Nxf5 exf5 19. Qf3 Re8 20. Ba3 Be6 21. Rfb1 Qc7 22. Bd6 Qd7 23. Rb5 a6 24. Rxd5 Bxd5 25. Qxd5 b5 26. axb5 axb5 27. Qxb5 Nxe5 28. Qxd7 Nxd7 29. Bxc4 Ra8 30. Rb1 Rhc8 31. Bxf7 Ra6 32. Bg6+ Kh8 33. Be7 Rb6 34. Ra1 Re6 35. Bb4 Rf6 36. Ra5 f4 37. Bf5 Rxf5 38. Rxf5 Nf6 39. Rxf4 Nd5 40. Rf8+ Rxf8 41. Bxf8 1-0

[Event "FRM-chT 17th"]
[Site "Struga"]
[Date "2008.08.06"]
[Round "3"]
[White "Mitkov, Marjan"]
[Black "Petrov, Saravco"]
[Result "1-0"]
[WhiteElo "2382"]
[BlackElo "2123"]
[PlyCount "75"]
[EventDate "2008.08.04"]
[EventType "team"]
[EventRounds "7"]
[EventCountry "MKD"]
[SourceTitle "CBM 125 Extra"]
[Source "ChessBase"]
[SourceDate "2008.09.01"]
[SourceVersion "1"]
[SourceVersionDate "2008.09.01"]
[SourceQuality "1"]

1. d4 Nf6 2. Nf3 g6 3. c4 Bg7 4. Nc3 0-0 5. e4 d6 6. Be3 Bg4 7. Be2 Nc6 8. d5 Nb8 9. 0-0 c5 10. h3 Bxf3 11. Bxf3 Nbd7 12. Be2 Ne8 13. Qd2 e5 14. dxe6 fxe6 15. Rad1 a6 16. f4 Rf7 17. e5 Rc8 18. Ne4 Bf8 19. Bg4 Ng7 20. Nxd6 Bxd6 21. Qxd6 Rc6 22. Qd3 Qa5 23. b3 Rc8 24. Qd2 Qb6 25. Qc3 Ne8 26. Rd2 Nf8 27. Rfd1 Qc7 28. Rd3 h5 29. Bf3 Rd7 30. Rxd7 Nxd7 31. Qd3 Nf8 32. Qe4 b6 33. Qb7 a5 34. Qxc7 Rxc7 35. Bf2 Rc8 36. Bh4 Kf7 37. Bd8 Rb8 38. Be4 1-0

[Event "FRM-ch 17th"]
[Site "Struga"]
[Date "2008.07.21"]
[Round "8"]
[White "Petrov, Saravco"]
[Black "Kacakovski, Dimitar"]
[Result "1-0"]
[WhiteElo "2123"]
[BlackElo "2227"]
[PlyCount "82"]
[EventDate "2008.07.14"]
[EventType "swiss"]
[EventRounds "9"]
[EventCountry "MKD"]
[SourceTitle "CBM 125 Extra"]
[Source "ChessBase"]
[SourceDate "2008.09.01"]
[SourceVersion "1"]
[SourceVersionDate "2008.09.01"]
[SourceQuality "1"]

1. d4 Nf6 2. c4 g6 3. Nc3 Bg7 4. e4 d6 5. f3 0-0 6. Be3 Nbd7 7. Bd3 e5 8. d5 c6 9. Nge2 cxd5 10. cxd5 a6 11. a4 Nc5 12. b4 Nxd3+ 13. Qxd3 b6 14. g4 Bd7 15. 0-0 h5 16. h3 Nh7 17. Ng3 h4 18. Nge2 f5 19. Kg2 Ng5 20. Qd2 f4 21. Bf2 Bxg4 22. hxg4 h3+ 23. Kh1 Nxf3 24. Qd3 Ng5 25. Bh4 Kf7 26. Ng1 Qd7 27. Bxg5 Qxg4 28. Ra2 Qxg5 29. Nxh3 Rh8 30. Rh2 Qh4 31. Rg1 Kf6 32. Ne2 Rh5 33. Nexf4 exf4 34. e5+ Ke7 35. exd6+ Kxd6 36. Qxg6+ Bf6 37. Qf7 Re5 38. Nf2 Rh8 39. Rxh4 Bxh4 40. Rg6+ Bf6+ 41. Kg2 f3+ 1-0

[Event "FRM-ch 17th"]
[Site "Struga"]
[Date "2008.07.16"]
[Round "3"]
[White "Vasovski, Nikola"]
[Black "Petrov, Saravco"]
[Result "1-0"]
[WhiteElo "2325"]
[BlackElo "2123"]
[PlyCount "83"]
[EventDate "2008.07.14"]
[EventType "swiss"]
[EventRounds "9"]
[EventCountry "MKD"]
[SourceTitle "CBM 125 Extra"]
[Source "ChessBase"]
[SourceDate "2008.09.01"]
[SourceVersion "1"]
[SourceVersionDate "2008.09.01"]
[SourceQuality "1"]

1. d4 d5 2. c4 e6 3. Nf3 Nf6 4. g3 c6 5. Qc2 Be7 6. Bg2 0-0 7. Nbd2 Nbd7 8. 0-0 b6 9. e4 dxe4 10. Nxe4 Bb7 11. Rd1 Nxe4 12. Qxe4 Bf6 13. Bf4 Qe7 14. Ne5 Bxe5 15. Bxe5 Nxe5 16. dxe5 Rad8 17. h4 Rd7 18. Rxd7 Qxd7 19. Bf3 Qe7 20. Rd1 f5 21. exf6 Qxf6 22. Kg2 Rf7 23. c5 Qf5 24. cxb6 axb6 25. Rd8+ Rf8 26. Rd6 Rf6 27. Qe3 Kf8 28. Rd7 Ba6 29. Bxc6 Qc5 30. Qxc5+ bxc5 31. Be4 e5 32. Rc7 c4 33. Rc6 Rxc6 34. Bxc6 Ke7 35. Kf3 Kd6 36. Be4 h6 37. Kg4 Ke6 38. a4 Kf6 39. Bd5 g6 40. Kf3 Ke7 41. Bc6 Kd6 42. Be4 1-0

[Event "FRM-ch 17th"]
[Site "Struga"]
[Date "2008.07.15"]
[Round "2"]
[White "Petrov, Saravco"]
[Black "Stojkovska, Monika"]
[Result "1-0"]
[WhiteElo "2123"]
[BlackElo "1869"]
[PlyCount "89"]
[EventDate "2008.07.14"]
[EventType "swiss"]
[EventRounds "9"]
[EventCountry "MKD"]
[SourceTitle "CBM 125 Extra"]
[Source "ChessBase"]
[SourceDate "2008.09.01"]
[SourceVersion "1"]
[SourceVersionDate "2008.09.01"]
[SourceQuality "1"]

1. e4 c5 2. Nf3 e6 3. d4 cxd4 4. Nxd4 Nc6 5. Nb5 d6 6. Bf4 e5 7. Be3 a6 8. N5c3 Nf6 9. Be2 Be7 10. 0-0 0-0 11. Bf3 Be6 12. Nd5 Bxd5 13. exd5 Nb8 14. c4 Nbd7 15. Nc3 Rc8 16. Be2 Nc5 17. Qc2 Qc7 18. Rac1 b6 19. b4 Ncd7 20. Bd3 Qb7 21. Qe2 Rc7 22. Rc2 Re8 23. Rfc1 Bf8 24. f3 Ra8 25. a3 Rcc8 26. Qf2 Rab8 27. Rd1 Rc7 28. Rdc1 Rbc8 29. Qh4 Ra8 30. Bg5 h6 31. Be3 Qc8 32. g4 g5 33. Qf2 Rb8 34. h4 Nh7 35. hxg5 Nxg5 36. Bxg5 hxg5 37. Qh2 Nf6 38. Ne4 Nxe4 39. Bxe4 f6 40. Bf5 Qe8 41. Be6+ Kg7 42. Qh3 Be7 43. Rh2 Qh8 44. Qg2 Qd8 45. Qc2 1-0

[Event "FRM-ch 14th"]
[Site "Struga"]
[Date "2005.07.14"]
[Round "6"]
[White "Ilic, Zoran"]
[Black "Petrov, Saravco"]
[Result "1-0"]
[WhiteElo "2286"]
[BlackElo "2098"]
[PlyCount "66"]
[EventDate "2005.07.09"]
[EventType "swiss"]
[EventRounds "9"]
[EventCountry "MKD"]
[SourceTitle "CBM 107 Extra"]
[Source "ChessBase"]
[SourceDate "2005.09.01"]
[SourceVersion "1"]
[SourceVersionDate "2005.09.01"]
[SourceQuality "1"]

1. Nf3 g6 2. d4 Nf6 3. Bf4 d6 4. h3 Bg7 5. e3 c6 6. Nbd2 0-0 7. Be2 Nbd7 8. 0-0 Re8 9. c3 e5 10. Bh2 e4 11. Ne1 d5 12. c4 Nf8 13. Qb3 b6 14. cxd5 cxd5 15. Nc2 a6 16. Nb4 Bb7 17. Rfc1 Re6 18. Rc7 Re7 19. Rac1 Ne6 20. R7c3 b5 21. Nc6 Bxc6 22. Rxc6 Qa5 23. Qc2 Ree8 24. a3 Bf8 25. Ra1 Qd8 26. a4 Qa5 27. Nb3 Qb4 28. Nc1 Nd7 29. Qc3 Qxc3 30. Rxc3 b4 31. Rc6 a5 32. Nb3 Nd8 33. Ra6 Rc8 1-0